00454nam a2200193Ia 4500008004100000020001800041050001400059100002100073245002600094245001800120245002100138260001500159260001600174260000900190300001600199300002700215300001000242500000800252170918s9999 xx 000 0 und d a9780439095525 bS949 1999 aSullivan, George aIn their own words : bPaul Revere / cGeorge Sullivan. aNew York : bScholastic, c1999 a128 pages : bcolored illustration ; c19cm. a740